Statistics for Lil Yachty "Lil Boat" Tracklist

Click here to take the quiz!

General Stats

  • This quiz has been taken 20 times
  • The average score is 8 of 14

Answer Stats

Featured Artist(s)Song% Correct
Quavo, Skippa Da Flippa & Young ThugMinnesota (Remix)
94%
Skippa Da FlippaGood Day
83%
Intro (Just Keep Swimming)
78%
Burberry PerryI'm Sorry
67%
BIGBRUTHACHUBBA & ByouUp Next 2
61%
Burberry PerryWanna Be Us
61%
1Night
56%
Interlude
56%
We Did It "Positivity Song" (Outro)
56%
Fucked Over
50%
Never Switch Up
44%
Not My Bro
39%
Out Late
33%
Run/Running
11%

Score Distribution

Percentile by Number Answered

Percent of People with Each Score

Your Score History

You have not taken this quiz